Альбом геологических карт, разрезов и схем к Справочнику по нефтяным месторождениям СССР

Bibliografiset tiedot
Yhteisötekijä: Всесоюзное научное инженерно-техническое общество нефтяников (ВНИТО-НЕФТЬ)
Kieli:venäjä
Julkaistu: Москва, Госгортехиздат, 1938
Aiheet:
Aineistotyyppi: Kirja
KOHA link:https://koha.lib.tpu.ru/cgi-bin/koha/opac-detail.pl?biblionumber=157170

MARC

LEADER 00000nam0a2200000 4500
001 157170
005 20231031153532.0
035 |a (RuTPU)RU\TPU\book\170467 
090 |a 157170 
100 |a 20090404d1938 m y0rusy50 ca 
101 0 |a rus 
102 |a RU 
105 |a b z 000zy 
200 1 |a Альбом геологических карт, разрезов и схем к Справочнику по нефтяным месторождениям СССР  |f Всесоюзное научное инженерно-техническое общество нефтяников (ВНИТО-НЕФТЬ) 
210 |a Москва  |c Госгортехиздат  |d 1938  |a Ленинград 
215 |a 86 с.  |c карты 
610 1 |a нефть 
610 1 |a месторождения 
610 1 |a СССР 
610 1 |a геологические карты 
610 1 |a разрезы 
610 1 |a схемы 
610 1 |a альбомы 
675 |a 553.98  |v 3 
712 0 2 |a Всесоюзное научное инженерно-техническое общество нефтяников (ВНИТО-НЕФТЬ)  |2 stltpush  |3 (RuTPU)RU\TPU\col\11477 
801 1 |a RU  |b 63413507  |c 20090404  |g PSBO 
801 2 |a RU  |b 63413507  |c 20090603  |g PSBO 
942 |c BK